Planning meltdown (Record no. 74587)

MARC details
000 -LEADER
fixed length control field 01197cab a2200241 4500
001 - CONTROL NUMBER
control field ABS68369
008 - FIXED-LENGTH DATA ELEMENTS--GENERAL INFORMATION
fixed length control field 041028n2004 000 0 eng u
035 ## - SYSTEM CONTROL NUMBER
System control number (Sirsi) u127870
100 ## - MAIN ENTRY--PERSONAL NAME
Personal name Waters, B.
245 ## - TITLE STATEMENT
Title Planning meltdown
260 ## - PUBLICATION, DISTRIBUTION, ETC.
Date of publication, distribution, etc. 2004
490 ## - SERIES STATEMENT
Series statement Architects' Journal
Volume/sequential designation 220(12) 30 September 2004, 44(1)
520 ## - SUMMARY, ETC.
Summary, etc. Discusses the admission by the Planning Inspectorate that even the simplest written appeal will now take more than a year to decide. This is the result of the government announcement that for all applications made from 5 September 2003, the six-month period allowed to lodge an appeal was to be reduced to three months. Suggested remedies by the Association of Consultant Architects to this situation could include inspectors making known their decisions immediately with written reasons and simplified mediation.
590 ## - LOCAL NOTE (RLIN)
Local note ABS
650 ## - SUBJECT ADDED ENTRY--TOPICAL TERM
Topical term or geographic name entry element PLANNING INSPECTORATE
650 ## - SUBJECT ADDED ENTRY--TOPICAL TERM
Topical term or geographic name entry element PLANNING APPEALS
650 ## - SUBJECT ADDED ENTRY--TOPICAL TERM
Topical term or geographic name entry element PLANNING POLICY STATEMENT 11
650 ## - SUBJECT ADDED ENTRY--TOPICAL TERM
Topical term or geographic name entry element PLANNING POLICY STATEMENT 12
650 ## - SUBJECT ADDED ENTRY--TOPICAL TERM
Topical term or geographic name entry element MEDIATION
650 ## - SUBJECT ADDED ENTRY--TOPICAL TERM
Topical term or geographic name entry element ASSOCIATION OF CONSULTANT ARCHITECTS
690 ## - LOCAL SUBJECT ADDED ENTRY--TOPICAL TERM (OCLC, RLIN)
Topical term or geographic name as entry element ENVIRONMENTAL AND LAND CONSULTANCY-PLANNING AND DEVELOPMENT
942 ## - ADDED ENTRY ELEMENTS (KOHA)
Suppress in OPAC 0
Holdings
Withdrawn status Lost status Source of classification or shelving scheme Damaged status Not for loan Home library Current library Shelving location Date acquired Total Checkouts Full call number Barcode Date last seen Copy number Price effective from Koha item type
    Dewey Decimal Classification     London London Journal article 28/10/2004   ABS68369 127870-1001 06/08/2019 1 06/08/2019 Journal article